• 首页
  • 本馆介绍
  • 公告通知
  • 最新文献
  • 馆藏检索
  • 电子资源
  • 读者导购
  • 参考咨询
  • 我的图书馆
  • 登录
  • 详细信息显示
  • 放入我的书架
  • 预约/预借图书
  • 作者相关作品
  • 分类相关作品
  • 丛书相关作品
  • 出版社相关作品

书目信息

  • 表格格式
  • 工作单格式
  • 卡片格式
题名:
微积分学习指导
    
 
作者: 尹水仿 , 方瑛 主编
分册:  
出版信息: 北京   科学出版社  2016
页数: 344页
开本: 26cm
丛书名: 经济数学基础丛书
单 册:
中图分类: O172-44
科图分类:
主题词: 微积分--Wei Ji Fen--高等教育--教学参考资料
电子资源:
ISBN: 978-7-03-049322-4
000 01416nam0 2200289 450
001 012001000707
005 20191108083842.85
010    @a978-7-03-049322-4@dCNY49.00
099    @aCAL 012016101455
100    @a20160909d2016 em y0chiy50 ea
101 0  @achi
102    @aCN@b110000
105    @aa z 000yy
106    @ar
200 1  @a微积分学习指导@AWei Ji Fen Xue Xi Zhi Dao@f尹水仿, 方瑛主编
205    @a第3版
210    @a北京@c科学出版社@d2016
215    @a344页@c图@d26cm
225 2  @a经济数学基础丛书@AJing Ji Shu Xue Ji Chu Cong Shu
330    @a本书内容展开,体例和内容包括:基本要求、内容提要、释疑解难、例题分析、考题选讲、复习题和自测题及复习题解答与自测题解答。内容充实,选题灵活,题型丰富,覆盖面广.本书第三版是在第二版的基础上,根据教育部zui新关于《经济和管理类本科数学基础课程教学基本要求》,结合近几年教学改革实践和新形势下教材改革的精神以及我们在使用本书第二版过程中的教学积累和经验进行综合修订。在修订中,我们保留了第二版的体系和风格,吸收了使用本书第二版的同行们提出的意见和建议,特别是吸收了使用本书第二版的学生们的意见和建议,使得本书第三版能更好的适合当前教学的需要,更好的贴近学生学习的需要。
410  0 @12001 @a经济数学基础丛书
606 0  @a微积分@AWei Ji Fen@x高等教育@j教学参考资料
690    @aO172-44@v5
701  0 @a尹水仿@AYin Shui Fang@4主编
701  0 @a方瑛@AFang Ying@4主编
801  0 @aCN@b北京卓展文化@c20191020
905    @b1196684-7@dO172-44@e165=3@f4
    
    微积分学习指导/尹水仿, 方瑛主编.-第3版.-北京:科学出版社,2016
    344页:图;26cm.-(经济数学基础丛书)
    
    
    ISBN 978-7-03-049322-4:CNY49.00
    本书内容展开,体例和内容包括:基本要求、内容提要、释疑解难、例题分析、考题选讲、复习题和自测题及复习题解答与自测题解答。内容充实,选题灵活,题型丰富,覆盖面广.本书第三版是在第二版的基础上,根据教育部zui新关于《经济和管理类本科数学基础课程教学基本要求》,结合近几年教学改革实践和新形势下教材改革的精神以及我们在使用本书第二版过程中的教学积累和经验进行综合修订。在修订中,我们保留了第二版的体系和风格,吸收了使用本书第二版的同行们提出的意见和建议,特别是吸收了使用本书第二版的学生们的意见和建议,使得本书第三版能更好的适合当前教学的需要,更好的贴近学生学习的需要。
●
相关链接 在E读中查询图书 在五车中查询图书 在当当中查询图书 在豆瓣中查询图书


正题名:微积分学习指导     索取号:O172-44/165=3         预约/预借

序号 登录号 条形码 馆藏地/架位号 状态 备注
1 1196684   211966844   第二样本阅览室/ [索取号:O172-44/165=3] 在馆    
2 1196685   211966853   第三借阅区/ [索取号:O172-44/165=3] 在馆    
3 1196686   211966862   第三借阅区/ [索取号:O172-44/165=3] 在馆    
4 1196687   211966871   第三借阅区/ [索取号:O172-44/165=3] 在馆    
唐山师范学院图书馆 欢迎您!
大连网信软件有限公司© 版权所有